Šport v číslach v rezorte školstva za rok ...

Bibliographic Details
Other Authors: Stenchlák, Marián (Compiler), Salaj, Marián (Compiler), Slovíková, Mária (Compiler), Varga, Štefan (Compiler), Suchanovský, Ján (Compiler), Skotnica, Vít (Compiler), Války, Matej (Compiler), Frankovičová, Ivana (Compiler), Adlerová, Ivana (Compiler)
Format: Serial
Language:Slovak
PhysicalDescription:zv. tab. 21 cm
Published: Bratislava Ústav informácií a prognóz školstva 1999-
Bratislava Centrum vedecko-technických informácií SR
ISBN:8070983787 (brož. : r. 2003)
8070984163 (brož. : r. 2004)
8070984392 (brož. : r. 2005)
9788070984505 (brož. : r. 2006)
9788070984697 (brož. : r. 2007)
9788070984789 (brož. : r. 2008)
9788070984925 (brož. : r. 2009)
9788070984994 (brož. : r. 2010)
9788070985090 (brož. : r. 2011)
9788070985212 (brož. : r. 2012)
9788089354320 (brož. : r. 2013)
9788089354528 (brož. : r. 2014)
9788089354726 (brož. : r. 2015)
9788089354832 (brož. : r. 2016)
9788089965045 (brož. : r. 2017)
9788089965267 (brož. : r. 2018)
9788089965397 (brož. : r. 2019)
9788082400000 (brož. : r. 2020)
9788082400291 (brož. : r. 2021)
9788082400444 (brož. : r. 2022)
9788082400659 (brož. : r. 2023)
9788082400840 (brož. : r. 2024)
Subjects:

MARC

LEADER 00000cas a2200000 a 4500
001 vtls008421793
003 SK-MaSNL
005 20260506071310.0
008 060103c19999999xo ar s 000 b0slo
015 |a SNBB2007-(r. 2003, 2004, 2005, 2006)  |a SNBB2012/04-01374 (r. 2007)  |a SNBB2012/04-01375 (r. 2008)  |a SNBB2012/04-01376 (r. 2009)  |a SNBB2012/04-01377 (r. 2010)  |a SNBB2012/04-01378 (r. 2011)  |a SNBB2015-(r. 2012, r. 2013, r. 2014)  |a SNBB2016-(r. 2015)  |a SNBB2017-(r. 2016)  |a SNBB2018-(r. 2017)  |a SNBB2019-(r. 2018)  |a SNBB2020-(r. 2019)  |a SNBB2021-(r. 2020)  |a SNBB2022-(r. 2021)  |a SNBB2023-(r. 2022)  |a SNBB2024-(r. 2023)  |a SNBB2025-(r. 2024) 
020 |a 8070983787 (brož. : r. 2003) 
020 |a 8070984163 (brož. : r. 2004) 
020 |a 8070984392 (brož. : r. 2005) 
020 |a 9788070984505 (brož. : r. 2006) 
020 |a 9788070984697 (brož. : r. 2007) 
020 |a 9788070984789 (brož. : r. 2008) 
020 |a 9788070984925 (brož. : r. 2009) 
020 |a 9788070984994 (brož. : r. 2010) 
020 |a 9788070985090 (brož. : r. 2011) 
020 |a 9788070985212 (brož. : r. 2012)  |z 9788070985214 
020 |a 9788089354320 (brož. : r. 2013) 
020 |a 9788089354528 (brož. : r. 2014) 
020 |a 9788089354726 (brož. : r. 2015) 
020 |a 9788089354832 (brož. : r. 2016) 
020 |a 9788089965045 (brož. : r. 2017) 
020 |a 9788089965267 (brož. : r. 2018) 
020 |a 9788089965397 (brož. : r. 2019) 
020 |a 9788082400000 (brož. : r. 2020) 
020 |a 9788082400291 (brož. : r. 2021) 
020 |a 9788082400444 (brož. : r. 2022) 
020 |a 9788082400659 (brož. : r. 2023) 
020 |a 9788082400840 (brož. : r. 2024) 
040 |a SAVUK  |b slo  |c SAVUK  |d SNK  |d SVKBB  |e AACR2 
041 0 |a slo 
043 |a e-xo--- 
044 |a xo  |c SK 
072 7 |a 796  |x Šport. Hry. Telesné cvičenia  |2 konspekt 
072 7 |a 311  |x Štatistika  |2 konspekt 
080 |a 796/799  |2 2011 
080 |a 311+519.2  |2 2011 
080 |a 351.85  |2 2011 
080 |a (437.6)  |2 2011 
080 |a (036)  |2 2011 
080 |a 050  |2 2011 
080 |a (058)  |2 2011 
245 0 0 |a Šport v číslach v rezorte školstva za rok ... 
246 1 3 |a Šport v číslach v rezorte školstva za rok ...  |b štatistika za školy a školské zariadenia 
246 1 3 |a Šport v číslach za rok ...  |f 2011- 
260 |a Bratislava  |b Ústav informácií a prognóz školstva  |c 1999- 
260 3 |3 2014-  |a Bratislava  |b Centrum vedecko-technických informácií SR 
300 |a zv.  |b tab.  |c 21 cm 
310 |a 1x ročne 
362 0 |a 1999- 
500 |a Popis podľa: R. 2003 (vydané v r. 2004) 
500 |a Súčasťou názvu je označenie bežného roku 
500 |a Spracovali: 2005-2007, 2010-2011, 2014-2015 kol. ; 2008-2009, Marián Stenchlák, Marián Salaj, Mária Slovíková ; 2012, Ján Suchanovský, Vít Skotnica ; 2013 Ján Suchanovský, Štefan Varga ; 2016-2017, Matej Války, Ján Suchanovský ; 2018-2022, Ivana Frankovičová, Ján Suchanovský ; 2023-2024, Ivana Adlerová 
500 |a R. 2008-2013 vydal Odbor metodiky a tvorby informácií ÚIPŠ, oddelenie MaŠ 
500 |a Od r. 2011 už iba názov Šport v číslach za rok ... 
500 |a Od r. 2014 vydáva Odbor metodiky a tvorby informácií školstva CVTI SR, Oddelenie mládeže a športu 
500 |a Od r. 2024 vydáva Odbor metodiky a tvorby informácií školstva, Oddelenie regionálneho školstva a prierezových tém 
650 0 7 |a šport  |2 SNKPH  |9 1042 
650 0 7 |a školstvo  |2 SNKPH  |9 19712 
650 0 7 |a štatistika  |2 SNKPH  |9 778 
650 0 7 |a šport  |2 SNKPHeng  |9 1042 
650 0 7 |a Statistics  |2 SNKPHeng  |9 266405 
650 0 7 |a Education  |2 SNKPHeng  |9 265320 
651 7 |a Slovensko  |2 SNKPHgeo  |9 14231 
651 7 |a Slovakia  |2 SNKPHeng  |9 92630 
655 7 |a informačné publikácie  |2 SNKPH  |9 70181 
655 7 |a štatistické ročenky  |2 SNKPH  |9 70764 
655 7 |a Information publications  |2 SNKPHeng  |9 265188 
655 7 |a Statistical yearbook  |2 SNKPHeng  |9 267768 
700 1 |a Stenchlák, Marián  |4 com  |9 267769 
700 1 |a Salaj, Marián  |4 com  |9 267770 
700 1 |a Slovíková, Mária  |4 com  |9 11916 
700 1 |a Varga, Štefan  |4 com  |9 267771 
700 1 |a Suchanovský, Ján  |4 com  |9 267404 
700 1 |a Skotnica, Vít  |4 com  |9 267772 
700 1 |a Války, Matej  |4 com  |9 267403 
700 1 |a Frankovičová, Ivana  |4 com  |9 267405 
700 1 |a Adlerová, Ivana  |4 com  |9 267773 
852 |a Štátna vedecká knižnica v Banskej Bystrici 
910 |a savuk 
910 |a snk 
919 |a 80-7098-378-7 
919 |a 80-7098-416-3 
919 |a 80-7098-439-2 
919 |a 978-80-7098-450-5 
919 |a 978-80-7098-469-7 
919 |a 978-80-7098-478-9 
919 |a 978-80-7098-492-5 
919 |a 978-80-7098-499-4 
919 |a 978-80-7098-509-0 
919 |a 978-80-7098-521-2 
919 |a 978-80-89354-32-0 
919 |a 978-80-89354-52-8 
919 |a 978-80-89354-72-6 
919 |a 978-80-89354-83-2 
919 |a 978-80-89965-04-5 
919 |a 978-80-89965-26-7 
919 |a 978-80-89965-39-7 
919 |a 978-80-8240-000-0 
919 |a 978-80-8240-029-1 
919 |a 978-80-8240-044-4 
919 |a 978-80-8240-065-9 
919 |a 978-80-8240-084-0 
999 |c 4072  |d 6002 
952 |a SNK  |b SNK  |y PREZ  |7 0  |p 17A1520902  |o snkČSD 2403/2022  |i snk2023/13249  |8 0  |z Rok vydania: 2023  |0 0  |1 0  |4 0  |d 2023-09-14  |l 0  |r 2026-02-21 19:48:21  |w 2026-02-21 
952 |a SNK  |b SNK  |y PREZ  |7 0  |p 17A1520903  |o snkČSD 2403/2022 D1  |i snk2023/13250  |8 0  |z Rok vydania: 2023  |0 0  |1 0  |4 0  |d 2023-09-14  |l 0  |r 2026-02-21 19:48:21  |w 2026-02-21 
952 |a SNK  |b SNK  |y PREZ  |7 0  |p 17A1434585  |o snkČSD 2403/2021  |i snk2022/14208  |8 0  |z Rok vydania: 2022  |0 0  |1 0  |4 0  |d 2022-09-19  |l 0  |r 2026-02-21 20:03:59  |w 2026-02-21 
952 |a SNK  |b SNK  |y PREZ  |7 0  |p 17A1462389  |o snkČSD 2403/2021 D1  |i snk2022/14210  |8 0  |z Rok vydania: 2022  |0 0  |1 0  |4 0  |d 2022-09-19  |l 0  |r 2026-02-21 20:03:59  |w 2026-02-21 
952 |a SNK  |b SNK  |y PREZ  |7 0  |p 17A1524582  |o snkČSD 2403/2023  |i snk2024/15980  |8 0  |z Rok vydania: 2024  |0 0  |1 0  |4 0  |d 2024-10-17  |l 0  |r 2026-02-21 20:09:56  |w 2026-02-21 
952 |a SNK  |b SNK  |y PREZ  |7 0  |p 17A1524583  |o snkČSD 2403/2023 D1  |i snk2024/15981  |8 0  |z Rok vydania: 2024  |0 0  |1 0  |4 0  |d 2024-10-17  |l 0  |r 2026-02-21 20:09:56  |w 2026-02-21 
952 |a SNK  |b SNK  |y PREZ  |7 0  |p 17A0705328  |o snkČSD 2403/2008  |i snk2011/19035  |8 1  |0 0  |1 0  |4 0  |d 2011-09-13  |l 0  |r 2026-02-21 20:22:30  |w 2026-02-21 
952 |a SNK  |b SNK  |y PREZ  |7 0  |p 17A0705329  |o snkČSD 2403/2008 D1  |i snk2011/19036  |8 1  |0 0  |1 0  |4 0  |d 2011-09-13  |l 0  |r 2026-02-21 20:22:30  |w 2026-02-21 
952 |a SNK  |b SNK  |y PREZ  |7 0  |p 17A0672925  |o snkČSD 2403/2009  |i snk2011/19037  |8 0  |0 0  |1 0  |4 0  |d 2011-09-13  |l 0  |r 2026-02-21 20:22:33  |w 2026-02-21 
952 |a SNK  |b SNK  |y PREZ  |7 0  |p 17A0672926  |o snkČSD 2403/2009 D1  |i snk2011/19039  |8 0  |0 0  |1 0  |4 0  |d 2011-09-13  |l 0  |r 2026-02-21 20:22:33  |w 2026-02-21 
952 |a SNK  |b SNK  |y PREZ  |7 0  |p 17A0534427  |o snkČSD 2403/2003  |i snk2007/7261  |8 0  |0 0  |1 0  |4 0  |d 2007-03-14  |l 0  |r 2026-02-21 20:27:26  |w 2026-02-21 
952 |a SNK  |b SNK  |y PREZ  |7 0  |p 17A0534428  |o snkČSD 2403/2003 D1  |i snk2007/7262  |8 0  |0 0  |1 0  |4 0  |d 2007-03-14  |l 0  |r 2026-02-21 20:27:26  |w 2026-02-21 
952 |a SNK  |b SNK  |y PREZ  |7 0  |p 17A0534429  |o snkČSD 2403/2004  |i snk2007/7263  |8 0  |0 0  |1 0  |4 0  |d 2007-03-14  |l 0  |r 2026-02-21 20:27:26  |w 2026-02-21 
952 |a SNK  |b SNK  |y PREZ  |7 0  |p 17A0534430  |o snkČSD 2403/2004 D1  |i snk2007/7264  |8 0  |0 0  |1 0  |4 0  |d 2007-03-14  |l 0  |r 2026-02-21 20:27:26  |w 2026-02-21 
952 |a SNK  |b SNK  |y PREZ  |7 0  |p 17A0534431  |o snkČSD 2403/2005  |i snk2007/7266  |8 0  |0 0  |1 0  |4 0  |d 2007-03-14  |l 0  |r 2026-02-21 20:27:26  |w 2026-02-21 
952 |a SNK  |b SNK  |y PREZ  |7 0  |p 17A0534432  |o snkČSD 2403/2005 D1  |i snk2007/7267  |8 0  |0 0  |1 0  |4 0  |d 2007-03-14  |l 0  |r 2026-02-21 20:27:26  |w 2026-02-21 
952 |a SNK  |b SNK  |y PREZ  |7 0  |p 17A0582724  |o snkČSD 2403/2007 D1  |i snk2008/16954  |8 0  |0 0  |1 0  |4 0  |d 2008-09-10  |l 0  |r 2026-02-21 20:29:07  |w 2026-02-21 
952 |a SNK  |b SNK  |y PREZ  |7 0  |p 17A0582723  |o snkČSD 2403/2007  |i snk2008/16953  |8 0  |0 0  |1 0  |4 0  |d 2008-09-10  |l 0  |r 2026-02-21 20:39:23  |w 2026-02-21 
952 |a SNK  |b SNK  |y PREZ  |7 0  |p 17A1045918  |o snkČSD 2403/2013  |i snk2015/29479  |8 0  |0 0  |1 0  |4 0  |d 2015-10-22  |l 0  |r 2026-02-21 20:53:00  |w 2026-02-21 
952 |a SNK  |b SNK  |y PREZ  |7 0  |p 17A1045919  |o snkČSD 2403/2013 D1  |i snk2015/29480  |8 0  |0 0  |1 0  |4 0  |d 2015-10-22  |l 0  |r 2026-02-21 20:53:01  |w 2026-02-21 
952 |a SNK  |b SNK  |y PREZ  |7 0  |p 17A1045920  |o snkČSD 2403/2014  |i snk2015/29481  |8 0  |0 0  |1 0  |4 0  |d 2015-10-22  |l 0  |r 2026-02-21 20:53:01  |w 2026-02-21 
952 |a SNK  |b SNK  |y PREZ  |7 0  |p 17A1045921  |o snkČSD 2403/2014 D1  |i snk2015/29482  |8 0  |0 0  |1 0  |4 0  |d 2015-10-22  |l 0  |r 2026-02-21 20:53:01  |w 2026-02-21 
952 |a SNK  |b SNK  |y PREZ  |7 0  |p 17A1046014  |o snkČSD 2403/2012 D1  |i snk2015/29466  |8 0  |0 0  |1 0  |4 0  |d 2015-10-22  |l 0  |r 2026-02-21 20:53:24  |w 2026-02-21 
952 |a SNK  |b SNK  |y PREZ  |7 0  |p 17A1046013  |o snkČSD 2403/2012  |i snk2015/29465  |8 0  |0 0  |1 0  |4 0  |d 2015-10-22  |l 0  |r 2026-02-21 20:53:24  |w 2026-02-21 
952 |a SNK  |b SNK  |y PREZ  |7 0  |p 17A0556111  |o snkČSD 2403/2006  |i snk2007/18357  |8 0  |0 0  |1 0  |4 0  |d 2007-08-06  |l 0  |r 2026-02-21 21:00:41  |w 2026-02-21 
952 |a SNK  |b SNK  |y PREZ  |7 0  |p 17A0556112  |o snkČSD 2403/2006 D1  |i snk2007/18358  |8 0  |0 0  |1 0  |4 0  |d 2007-08-06  |l 0  |r 2026-02-21 21:00:41  |w 2026-02-21 
952 |a SNK  |b SNK  |y PREZ  |7 0  |p 17A0866500  |o snkČSD 2403/2010  |i snk2012/24318  |8 0  |0 0  |1 0  |4 0  |d 2012-11-26  |l 0  |r 2026-02-21 21:02:16  |w 2026-02-21 
952 |a SNK  |b SNK  |y PREZ  |7 0  |p 17A0866501  |o snkČSD 2403/2010 D1  |i snk2012/24319  |8 0  |0 0  |1 0  |4 0  |d 2012-11-26  |l 0  |r 2026-02-21 21:02:16  |w 2026-02-21 
952 |a SNK  |b SNK  |y PREZ  |7 0  |p 17A0866502  |o snkČSD 2403/2011  |i snk2012/24320  |8 0  |0 0  |1 0  |4 0  |d 2012-11-26  |l 0  |r 2026-02-21 21:02:16  |w 2026-02-21 
952 |a SNK  |b SNK  |y PREZ  |7 0  |p 17A0866503  |o snkČSD 2403/2011 D1  |i snk2012/24321  |8 0  |0 0  |1 0  |4 0  |d 2012-11-26  |l 0  |r 2026-02-21 21:02:16  |w 2026-02-21 
952 |a SNK  |b SNK  |y PREZ  |7 0  |p 17A1556432  |o snkČSD 2403/2024  |i snk2025/16772  |8 0  |z Rok vydania: 2025  |0 0  |1 0  |4 0  |d 2025-10-20  |l 0  |r 2026-02-21 21:11:22  |w 2026-02-21 
952 |a SNK  |b SNK  |y PREZ  |7 0  |p 17A1556433  |o snkČSD 2403/2024 D1  |i snk2025/16773  |8 0  |z Rok vydania: 2025  |0 0  |1 0  |4 0  |d 2025-10-20  |l 0  |r 2026-02-21 21:11:22  |w 2026-02-21 
952 |a SNK  |b SNK  |y PREZ  |7 0  |p 17A1460951  |o snkČSD 2403/2020  |i snk2021/15475  |8 0  |z Rok vydania: 2021  |0 0  |1 0  |4 0  |d 2021-10-13  |l 0  |r 2026-02-21 21:40:09  |w 2026-02-21 
952 |a SNK  |b SNK  |y PREZ  |7 0  |p 17A1460952  |o snkČSD 2403/2020 D1  |i snk2021/15476  |8 0  |z Rok vydania: 2021  |0 0  |1 0  |4 0  |d 2021-10-13  |l 0  |r 2026-02-21 21:40:09  |w 2026-02-21 
952 |a SNK  |b SNK  |y PREZ  |7 0  |p 17A1382525  |o snkČSD 2403/2018  |i snk2019/23619  |8 0  |0 0  |1 0  |4 0  |d 2019-09-23  |l 0  |r 2026-02-21 21:52:05  |w 2026-02-21 
952 |a SNK  |b SNK  |y PREZ  |7 0  |p 17A1382526  |o snkČSD 2403/2018 D1  |i snk2019/23621  |8 0  |0 0  |1 0  |4 0  |d 2019-09-23  |l 0  |r 2026-02-21 21:52:05  |w 2026-02-21 
952 |a SNK  |b SNK  |y PREZ  |7 0  |p 17A1264282  |o snkČSD 2403/2016  |i snk2017/21027  |8 0  |0 0  |1 0  |4 0  |d 2017-09-28  |l 0  |r 2026-02-21 21:56:01  |w 2026-02-21 
952 |a SNK  |b SNK  |y PREZ  |7 0  |p 17A1264283  |o snkČSD 2403/2016 D1  |i snk2017/21028  |8 0  |0 0  |1 0  |4 0  |d 2017-09-28  |l 0  |r 2026-02-21 21:56:01  |w 2026-02-21 
952 |a SNK  |b SNK  |y PREZ  |7 0  |p 17A1095498  |o snkČSD 2403/2019  |i snk2020/17787  |8 0  |z Rok vydania: 2020  |0 0  |1 0  |4 0  |d 2020-10-05  |l 0  |r 2026-02-21 22:16:16  |w 2026-02-21 
952 |a SNK  |b SNK  |y PREZ  |7 0  |p 17A1095499  |o snkČSD 2403/2019 D1  |i snk2020/17788  |8 0  |z Rok vydania: 2020  |0 0  |1 0  |4 0  |d 2020-10-05  |l 0  |r 2026-02-21 22:16:16  |w 2026-02-21 
952 |a SNK  |b SNK  |y PREZ  |7 0  |p 17A1239862  |o snkČSD 2403/2015  |i snk2016/26554  |8 0  |0 0  |1 0  |4 0  |d 2016-11-14  |l 0  |r 2026-02-21 22:17:24  |w 2026-02-21 
952 |a SNK  |b SNK  |y PREZ  |7 0  |p 17A1239863  |o snkČSD 2403/2015 D1  |i snk2016/26556  |8 0  |0 0  |1 0  |4 0  |d 2016-11-14  |l 0  |r 2026-02-21 22:17:24  |w 2026-02-21 
952 |a SNK  |b SNK  |y PREZ  |7 0  |p 17A1328310  |o snkČSD 2403/2017  |i snk2018/18455  |8 0  |0 0  |1 0  |4 0  |d 2018-09-12  |l 0  |r 2026-02-21 22:27:37  |w 2026-02-21 
952 |a SNK  |b SNK  |y PREZ  |7 0  |p 17A1328311  |o snkČSD 2403/2017 D1  |i snk2018/18456  |8 0  |0 0  |1 0  |4 0  |d 2018-09-12  |l 0  |r 2026-02-21 22:27:37  |w 2026-02-21